|
|
|
|
| LEADER |
00788nam a22002412a 4500 |
| 001 |
001458862 |
| 003 |
CZ BrMZK |
| 005 |
20150826134106.0 |
| 007 |
ta |
| 008 |
150302s1954 xo af er|||||||||||slo d |
| 040 |
|
|
|a ABA001
|b cze
|c ABA001
|d ABA001
|d BOA001
|
| 080 |
9 |
|
|a 885.4-33:908(498)
|
| 100 |
1 |
|
|a Plávka, Andrej,
|d 1907-1982
|7 jn20000701424
|4 aut
|
| 245 |
1 |
0 |
|a Rumunská jar /
|c Andrej Plávka
|
| 250 |
|
|
|a 1. vyd.
|
| 260 |
|
|
|a Bratislava :
|b Slovenský spisovateľ,
|c 1954
|
| 300 |
|
|
|a 105 s., obr. příl. :
|b il. ;
|c 8°
|
| 490 |
1 |
|
|a Pôvodná próza ;
|v sv. 47
|
| 830 |
|
0 |
|a Pôvodná próza (Slovenský spisovateľ)
|0 s
|
| 910 |
|
|
|a BOA001
|b 2-0321.520
|
| 990 |
|
|
|a BK
|
| 991 |
|
|
|b 201502
|
| 996 |
7 |
|
|b 2618809853
|c 2-0321.520
|l MZK
|r Sklad / do 24 hodin
|n 0
|w 001493818
|u 000010
|a 1
|e BOA001
|j MZK50
|s A
|